| 000 | 00509nam a22001577a 4500 | ||
|---|---|---|---|
| 999 |
_c527982 _d527982 |
||
| 020 | _qHard Cover. | ||
| 082 | _a620.44 | ||
| 100 | _aKhalid, Muhammad. | ||
| 245 |
_aHYDROXYPATITE POWDER AND FILMS ON METALLIC ALLOYS WITH CERAMIC BUFFER LAYERS / _cMuahmmad Khalid. |
||
| 260 |
_aIslamabad: _bSCME - NUST, _c2013. |
||
| 300 |
_axv, 146 p. : ill. ; _c30cm. |
||
| 942 |
_2ddc _cTHE |
||
| 650 |
_aPh. D. _919476 |
||
| 700 |
_aDr. Mohammad Mujahid. _919410 |
||